000
00312cam a22001217a 4500
008
180718b1978 xxu||||| |||| 00| 0 eng d
082
_a
AB45 B678
100
_a
Bowes, Pratima
245
_a
Hindu intellectual tradition
_c
by Pratima Bowes
260
_a
Delhi
_b
Allied
_c
1978
300
_a
218p.
650
_a
Hinduism
999
_c
342561
_d
342561